[Event "Liverpool Open"]
[Site "?"]
[Date "2007.09.05"]
[Round "4.27"]
[White "Brooke, John"]
[Black "Vovk, Yuri"]
[Result "0-1"]
[WhiteElo "1887"]
[BlackElo "2557"]
[PlyCount "126"]
[EventDate "2007.09.06"]
[SourceDate "2007.09.06"]

1. Nc3 d5 2. e4 dxe4 3. Nxe4 Bf5 4. Qf3 Bg6 5. Bc4 Nc6 6. Ng5 e6 7. h4 h6 8. h5
Qxg5 9. hxg6 Qxg6 10. Bd3 Qf6 11. Be4 Qxf3 12. Nxf3 Nge7 13. a3 g6 14. d4 Bg7
15. c3 O-O-O 16. Bd2 f5 17. Bc2 e5 18. dxe5 {(=)} Nxe5 19. Nxe5 Bxe5 20. Rxh6
Rxh6 21. Bxh6 Rh8 22. Bc1 Rh1+ 23. Ke2 Bf4 24. Bd1 Nd5 25. g3 Bxc1 26. Rxc1 f4
27. Kd3 Kd8 28. c4 fxg3 29. fxg3 Nf6 30. Kc2 Ne4 31. Bf3 {(=)} Rh2+ 32. Kd3
Nxg3 33. Rc2 Rxc2 34. Kxc2 b6 35. b4 Ke7 36. Kd3 Kd6 37. Ke3 Ke5 38. b5 Nf5+
39. Kd3 Kf4 40. Bh1 g5 41. Bc6 g4 42. Bd7 g3 43. Bc6 Ne3 44. a4 g2 45. Bxg2
Nxg2 46. c5 Ke5 47. cxb6 cxb6 48. Kc4 Ne3+ 49. Kb4 Kd4 50. a5 Nd5+ 51. Ka4 Kc5
52. axb6 axb6 53. Ka3 Kxb5 54. Kb3 Kc5 55. Ka4 Kc4 56. Ka3 b5 57. Kb2 Ne3 58.
Kb1 Kc3 59. Kc1 b4 60. Kb1 b3 61. Kc1 b2+ 62. Kb1 Nd5 63. Ka2 Kc2 0-1

[Event "Liverpool Open"]
[Site "?"]
[Date "2007.09.05"]
[Round "4.28"]
[White "Ewart, Brian"]
[Black "Kennaugh, Charles"]
[Result "0-1"]
[WhiteElo "1808"]
[BlackElo "2294"]
[PlyCount "38"]
[EventDate "2007.09.06"]
[SourceDate "2007.09.06"]

1. d4 Nf6 2. Nf3 c5 3. d5 b5 4. Bg5 Qb6 5. Nc3 Bb7 6. Bxf6 exf6 7. e4 c4 8. a4
Bc5 9. Qd2 a6 10. axb5 axb5 11. Rxa8 Bxa8 12. b3 O-O 13. bxc4 bxc4 14. Bxc4 Bb4
15. Ke2 Qa5 16. Kd3 Rc8 17. Rb1 Na6 18. Bxa6 Qxa6+ 19. Ke3 Bxc3 0-1

[Event "Liverpool Open"]
[Site "?"]
[Date "2007.09.05"]
[Round "4.29"]
[White "Littlewood, John Eric"]
[Black "Mollison, Jamie"]
[Result "1-0"]
[WhiteElo "2330"]
[BlackElo "1917"]
[PlyCount "81"]
[EventDate "2007.09.06"]
[SourceDate "2007.09.06"]

1. e4 e6 2. d3 c5 3. Nf3 Nc6 4. g3 g6 5. Bg2 Bg7 6. O-O Nge7 7. Re1 d6 8. c3
Qb6 9. Na3 d5 10. exd5 Nxd5 11. Ng5 O-O 12. Ne4 Na5 13. h4 a6 14. Qa4 Qc7 15.
Nc4 Nxc4 16. dxc4 b5 17. cxb5 Bd7 18. Qc4 f5 19. Ng5 axb5 20. Qe2 Rae8 21. c4
bxc4 22. Qxc4 Kh8 23. Nf3 Qa5 24. Bd2 Qb5 25. Qxb5 Bxb5 26. a4 Ba6 27. Ne5 Nf6
28. Rac1 Ng4 29. Nxg4 fxg4 30. Rxc5 Bxb2 31. Rc6 Bd4 32. Rxa6 Bxf2+ 33. Kh2
Bxe1 34. Bxe1 Rf5 35. a5 Rh5 36. Ra8 Rxa8 37. Bxa8 g5 38. a6 gxh4 39. a7 hxg3+
40. Kxg3 Rb5 41. Bc3+ 1-0

[Event "Liverpool Open"]
[Site "?"]
[Date "2007.09.05"]
[Round "4.30"]
[White "McBride, John"]
[Black "Redmond, John"]
[Result "1-0"]
[WhiteElo "1776"]
[BlackElo "2212"]
[PlyCount "159"]
[EventDate "2007.09.06"]
[SourceDate "2007.09.06"]

1. d4 e6 2. c4 f5 3. Nc3 Bb4 4. Nf3 Nf6 5. Bg5 h6 6. Bxf6 Bxc3+ 7. bxc3 Qxf6 8.
Qc2 d6 9. e4 e5 10. Bd3 f4 11. h3 O-O 12. d5 Nd7 13. O-O-O Nc5 14. Rdg1 Bd7 15.
Nd2 Rf7 16. f3 Qh4 17. Rf1 b6 18. Be2 Raf8 19. Nb3 Nb7 20. Kb2 Rf6 21. Bd1 Nd8
22. Nc1 Nf7 23. Nd3 Nh8 24. Nb4 R6f7 25. Qd2 Qe7 26. Bb3 a5 27. Nc6 Qe8 28. Ba4
Kh7 29. Bb5 Ng6 30. h4 Ne7 31. Na7 Nc8 32. Nc6 Bxc6 33. Bxc6 Qd8 34. h5 Ne7 35.
Bb5 Ng8 36. Qf2 Qg5 37. Rh2 Nf6 38. Qh4 Qxh4 39. Rxh4 Rd8 40. Ka3 Kg8 41. Ka4
Kf8 42. Bc6 Ke7 43. Rg1 Rg8 44. Rgh1 Rff8 45. a3 g5 46. hxg6 h5 47. R4h2 Rxg6
48. Rf1 Rfg8 49. Rf2 Rg3 50. Kb5 Rh8 51. Ka6 h4 52. Kb7 Kd8 53. Ba4 Rh6 54. Rh1
Nh7 55. Bb5 Nf8 56. Rh2 Ng6 57. Rh1 Rh7 58. Kb8 h3 59. Rxh3 Rhxh3 60. gxh3 Nh4
61. c5 dxc5 62. Be2 Kd7 63. Kb7 Kd6 64. Ka6 Rg1 65. Bf1 Rg7 66. Be2 Rg2 67.
Rxg2 Nxg2 68. Kb5 Nh4 69. Bd1 Ng6 70. Be2 Nh8 71. h4 Nf7 72. Bf1 Nh6 73. Bh3
Ng8 74. Be6 Nf6 75. Bf5 Ng8 76. Bg6 Nh6 77. h5 Ng8 78. Bf7 Nh6 79. Be6 a4 80.
c4 1-0

[Event "Liverpool Open"]
[Site "?"]
[Date "2007.09.05"]
[Round "4.31"]
[White "Peacock, Malcolm"]
[Black "MacGilchrist, Siegrun"]
[Result "1-0"]
[WhiteElo "2094"]
[BlackElo "1834"]
[PlyCount "77"]
[EventDate "2007.09.06"]
[SourceDate "2007.09.06"]

1. c4 Nf6 2. g3 e6 3. Nf3 Be7 4. Bg2 O-O 5. O-O d5 6. b3 c5 7. Bb2 Nc6 8. e3 d4
9. exd4 cxd4 10. Re1 Rb8 11. d3 Bc5 12. Nbd2 Qc7 13. a3 a5 14. Ng5 e5 15. Nde4
Nxe4 16. Bxe4 g6 17. Bc1 Ne7 18. Bd2 Bf5 19. b4 axb4 20. axb4 Bxe4 21. Nxe4 Bb6
22. c5 f5 23. Qb3+ Kh8 24. cxb6 Qxb6 25. Nc5 Qd6 26. Qe6 Rf6 27. Qxd6 Rxd6 28.
Rxe5 Nc6 29. Re2 b6 30. Bf4 bxc5 31. Bxd6 Rxb4 32. Bxc5 Rb8 33. Re6 Rc8 34. Ra6
Nd8 35. Bxd4+ Kg8 36. Re8+ Kf7 37. Rh8 Rc1+ 38. Kg2 Ne6 39. Ra7+ 1-0

[Event "Liverpool Open"]
[Site "?"]
[Date "2007.09.05"]
[Round "4.32"]
[White "Lambert, John"]
[Black "Cannon, Raymond Charles"]
[Result "1/2-1/2"]
[WhiteElo "1632"]
[BlackElo "2050"]
[PlyCount "77"]
[EventDate "2007.09.06"]
[SourceDate "2007.09.06"]

1. d4 Nf6 2. Nc3 c5 3. d5 e6 4. e4 d6 5. Nf3 exd5 6. exd5 Be7 7. Be2 O-O 8. O-O
Na6 9. Bg5 h6 10. Bh4 Nc7 11. Bxf6 Bxf6 12. Rb1 Re8 13. Re1 Bf5 14. Bd3 Rxe1+
15. Nxe1 Qd7 16. Bxf5 Qxf5 17. g4 Qf4 18. Ng2 Qd4 19. Qf3 Re8 20. Rd1 Qb4 21.
Rb1 Bxc3 22. Qxc3 Qxg4 23. Qd3 Re5 24. c4 Rg5 25. Qf1 Qe4 26. f3 Qc2 27. Re1
Qxb2 28. f4 Rg6 29. Re7 Na6 30. Re2 Qd4+ 31. Kh1 Kh7 32. Re7 {(=)} Qb2 33. Rxf7
{(=)} Qxa2 34. Rxb7 Nb4 35. Ne3 a5 36. f5 Rf6 37. Ng4 Qb2 38. Nxf6+ Qxf6 39.
Ra7 1/2-1/2

[Event "Liverpool Open"]
[Site "?"]
[Date "2007.09.05"]
[Round "4.33"]
[White "Hawkins, Nick"]
[Black "Lee, Steven"]
[Result "1-0"]
[WhiteElo "2016"]
[BlackElo "1592"]
[PlyCount "53"]
[EventDate "2007.09.06"]
[SourceDate "2007.09.06"]

1. e4 c5 2. Nf3 d6 3. d4 cxd4 4. Nxd4 Nf6 5. Nc3 a6 6. Bg5 e6 7. f4 Be7 8. Qf3
Qb6 9. O-O-O Nc6 10. Nxc6 Qxc6 11. Be2 O-O 12. e5 Qxf3 13. Bxf3 dxe5 14. fxe5
Nd5 15. Bxe7 Nxe7 16. Na4 Rb8 17. Nb6 Ng6 18. Rhe1 Re8 19. Rd4 f6 20. Bh5 Kf8
21. Red1 Ke7 22. Rc4 fxe5 23. Rc7+ Kf6 24. h4 e4 25. Nc4 e5 26. Rf1+ Ke6 27.
Bg4+ 1-0

[Event "Liverpool Open"]
[Site "?"]
[Date "2007.09.05"]
[Round "4.34"]
[White "Campbell, Ian"]
[Black "Wood, Michael"]
[Result "1/2-1/2"]
[WhiteElo "1996"]
[BlackElo "1616"]
[PlyCount "76"]
[EventDate "2007.09.06"]
[SourceDate "2007.09.06"]

1. Nf3 Nc6 2. d4 d5 3. g3 Nf6 4. Bg2 Bg4 5. Nbd2 Qd7 6. h3 Bxf3 7. Nxf3 e6 8.
c3 Bd6 9. a4 O-O 10. O-O Ne7 11. Ne5 Bxe5 12. dxe5 Ne8 13. e4 c6 14. Be3 Nc7
15. Qb3 Qc8 16. Bc5 Re8 17. a5 Na6 18. Bd6 Qd7 19. exd5 exd5 20. Rfe1 Nf5 21.
Ba3 Qc7 22. g4 Nh4 23. Bd6 Qd7 24. Re3 Nxg2 25. Kxg2 Re6 26. Rae1 Rae8 27. Qd1
f6 28. f4 fxe5 29. fxe5 Rg6 30. Kh2 Nc7 31. Bxc7 Qxc7 32. b4 Rf6 33. Kg2 Rfe6
34. Qd4 a6 35. R1e2 Rf8 36. Rf2 Rxf2+ 37. Kxf2 Qf7+ 38. Kg2 Qg6 1/2-1/2

[Event "Liverpool Open"]
[Site "?"]
[Date "2007.09.05"]
[Round "4.35"]
[White "Solomon, Graeme"]
[Black "Almer, Julia"]
[Result "1/2-1/2"]
[WhiteElo "1408"]
[BlackElo "1932"]
[PlyCount "65"]
[EventDate "2007.09.06"]
[SourceDate "2007.09.06"]

1. d4 f5 2. Bg5 c6 3. Nc3 d5 4. Nh3 Qb6 5. Rb1 Nf6 6. Bxf6 exf6 7. a3 Bd6 8. e3
O-O 9. Bd3 Re8 10. Ne2 c5 11. c3 Nc6 12. Kf1 Bd7 13. Nhf4 Ne7 14. h4 cxd4 15.
cxd4 Bb5 16. g3 Rac8 17. Kg2 Rc6 18. h5 Rec8 19. Nc3 Bxd3 20. Qxd3 Qa5 21. Nfe2
a6 22. Rbc1 b5 23. Rc2 Qb6 24. Rhc1 a5 25. Nd1 b4 26. Rxc6 Rxc6 27. Rxc6 Qxc6
28. axb4 Bxb4 29. b3 Kf7 30. Nf4 Qc8 31. Ne2 Qc6 32. Nb2 Qe6 33. f3 1/2-1/2

[Event "Liverpool Open"]
[Site "?"]
[Date "2007.09.05"]
[Round "4.36"]
[White "Morton, Alistair"]
[Black "Jameson, David"]
[Result "0-1"]
[WhiteElo "1440"]
[BlackElo "2006"]
[PlyCount "34"]
[EventDate "2007.09.06"]
[SourceDate "2007.09.06"]

1. d4 d5 2. c4 c6 3. e3 Nf6 4. Nc3 e6 5. Nf3 Nbd7 6. Bd3 dxc4 7. Bxc4 b5 8. Bd3
Bb7 9. O-O a6 10. Re1 c5 11. b3 Rc8 12. Bb2 cxd4 13. exd4 Bb4 14. Rc1 Qa5 15.
Qc2 Nd5 16. a3 Bxc3 17. b4 Qd8 0-1

[Event "Liverpool Open"]
[Site "?"]
[Date "2007.09.05"]
[Round "4.37"]
[White "Kent, Paul"]
[Black "Frith, Robert"]
[Result "0-1"]
[WhiteElo "1484"]
[BlackElo "1696"]
[PlyCount "22"]
[EventDate "2007.09.06"]
[SourceDate "2007.09.06"]

1. d4 f5 2. Bg5 g6 3. Nf3 Bg7 4. c3 Nf6 5. Nbd2 O-O 6. e4 Nxe4 7. Nxe4 fxe4 8.
Qb3+ d5 9. Nd2 Qd6 10. Nxe4 Qe6 11. Be2 Qxe4 0-1

[Event "Liverpool Open"]
[Site "?"]
[Date "2007.09.05"]
[Round "4.38"]
[White "Blades, Tony"]
[Black "Bentley, Emma"]
[Result "1-0"]
[WhiteElo "1640"]
[BlackElo "1368"]
[PlyCount "99"]
[EventDate "2007.09.06"]
[SourceDate "2007.09.06"]

1. d4 Nf6 2. c4 c6 3. Nc3 g6 4. e4 d5 5. e5 Ne4 6. Bd3 Nxc3 7. bxc3 Bg7 8. Ne2
O-O 9. O-O Na6 10. Be3 Nc7 11. Qd2 Be6 12. c5 Bd7 13. Bh6 Qc8 14. Bxg7 Kxg7 15.
Ng3 h6 16. f4 f5 17. exf6+ Rxf6 18. Rae1 Qf8 19. f5 Be8 20. Qe2 Rc8 21. Qxe7+
Qxe7 22. Rxe7+ Kg8 23. Rfe1 Bf7 24. fxg6 Bxg6 25. Bxg6 Rxg6 26. Nf5 Nb5 27.
Rxb7 Kf8 28. Ne7 Rxg2+ 29. Kxg2 Rc7 30. Ng6+ Kg8 31. Re7 Rxb7 32. Rxb7 Nxc3 33.
Rxa7 Nb5 34. Ne7+ Kf8 35. Nxc6 Nxa7 36. Nxa7 Ke8 37. c6 Kd8 38. Nb5 Kc8 39. Kf3
h5 40. Kf4 h4 41. Ke5 h3 42. Kxd5 Kb8 43. Kd6 Ka8 44. Kd7 Kb8 45. c7+ Kb7 46.
Nd6+ Ka6 47. c8=Q+ Kb6 48. Qc5+ Ka6 49. Qb5+ Ka7 50. Qb7# 1-0

[Event "Liverpool Open"]
[Site "?"]
[Date "2007.09.05"]
[Round "4.39"]
[White "Crean, Mike"]
[Black "Chard, Marcus"]
[Result "0-1"]
[WhiteElo "1424"]
[BlackElo "1608"]
[PlyCount "88"]
[EventDate "2007.09.06"]
[SourceDate "2007.09.06"]

1. e4 c5 2. Nf3 d6 3. Nc3 Nf6 4. Bc4 e6 5. e5 dxe5 6. Nxe5 Bd6 7. Bb5+ Nbd7 8.
Nxd7 Nxd7 9. Ne4 Bc7 10. Nxc5 O-O 11. Nxd7 Bxd7 12. Bxd7 Qxd7 13. O-O Qd6 14.
Qh5 Rac8 15. c3 Bb8 16. d4 g6 17. Qh3 e5 18. Be3 e4 19. Rad1 Qd5 20. Ra1 f5 21.
f4 Qb5 22. Rfb1 Rc6 23. a4 Qd5 24. Rc1 g5 25. g3 gxf4 26. gxf4 Rg6+ 27. Kh1
Bxf4 28. c4 Qd6 29. c5 Qd5 30. Rg1 Bxe3 31. Rxg6+ hxg6 32. Qxe3 f4 33. Qc3 e3+
34. Kg1 f3 35. Qxe3 f2+ 36. Kf1 Qh1+ 37. Ke2 f1=Q+ 38. Rxf1 Qxf1+ 39. Kd2 Rf2+
40. Qxf2 Qxf2+ 41. Kc3 Kf7 42. b4 Ke6 43. Kc4 Qe2+ 44. Kb3 Kd5 0-1

[Event "Liverpool Open"]
[Site "?"]
[Date "2007.09.05"]
[Round "4.40"]
[White "Martin, Brian"]
[Black "Ashton, Davis"]
[Result "1-0"]
[WhiteElo "1424"]
[BlackElo "1576"]
[PlyCount "151"]
[EventDate "2007.09.06"]
[SourceDate "2007.09.06"]

1. d4 Nf6 2. c4 c5 3. Nf3 g6 4. g3 Bg7 5. Bg2 O-O 6. O-O cxd4 7. Nxd4 Qb6 8. e3
d6 9. Nc3 Bg4 10. Qb3 Qxb3 11. axb3 Bc8 12. Ndb5 Ne8 13. Rxa7 Rxa7 14. Nxa7
Bxc3 15. bxc3 Bg4 16. Bxb7 Nd7 17. Ba3 Ne5 18. f3 Bf5 19. Nb5 Nf6 20. Nd4 Rb8
21. f4 Rxb7 22. fxe5 Ng4 23. Nxf5 gxf5 24. Rxf5 Nxe5 25. Bb4 Ra7 26. c5 Ra1+
27. Kg2 dxc5 28. Bxc5 Ra2+ 29. Kh3 Nd3 30. Bxe7 Nf2+ 31. Kh4 Ne4 32. Kg4 h6 33.
Kf4 Nxc3 34. Rc5 Ne2+ 35. Kf5 Ra8 36. Rd5 Kh7 37. Bf6 Rb8 38. Rd7 Nc1 39. Rxf7+
Kg8 40. Kg6 Rb4 41. Bd4 Nxb3 42. Ra7 Kf8 43. Ra8+ Ke7 44. Ra7+ Ke6 45. Kxh6
Nxd4 46. exd4 Rxd4 47. Ra6+ Kf5 48. h3 Rd3 49. Ra5+ Kf6 50. Ra6+ Kf7 51. Rg6
Rd8 52. Rg7+ Kf6 53. Kh7 Rd5 54. g4 Rd3 55. Rg6+ Kf7 56. h4 Rh3 57. h5 Rh4 58.
Kh6 Rh1 59. Rb6 Rg1 60. g5 Kg8 61. Kg6 Kf8 62. Rb8+ Ke7 63. h6 Ra1 64. h7 Ra6+
65. Kg7 Ra5 66. g6 Ke6 67. Re8+ Kf5 68. Rf8+ Kg5 69. h8=Q Ra7+ 70. Rf7 Ra6 71.
Qd8+ Kh5 72. Qd1+ Kg5 73. Qg1+ Kh5 74. Rf5+ Kh4 75. Qd4+ Kh3 76. Rf3+ 1-0

[Event "Liverpool Open"]
[Site "?"]
[Date "2007.09.05"]
[Round "4.41"]
[White "Balatoni, Richard"]
[Black "Baudisson, William"]
[Result "1-0"]
[WhiteElo "1528"]
[BlackElo "1160"]
[PlyCount "87"]
[EventDate "2007.09.06"]
[SourceDate "2007.09.06"]

1. e4 Nc6 2. d4 e6 3. c4 Bb4+ 4. Nc3 Nge7 5. Nge2 a6 6. a3 Ba5 7. c5 Bxc3+ 8.
Nxc3 a5 9. Bf4 d6 10. Nb5 O-O 11. cxd6 cxd6 12. Bxd6 b6 13. Be2 Ba6 14. e5 Bxb5
15. Bxb5 Re8 16. O-O Rc8 17. Rc1 Qd7 18. Qa4 Qb7 19. Bxe7 Rxe7 20. Rxc6 Rxc6
21. Bxc6 Qb8 22. Rc1 Rc7 23. Rc3 Qc8 24. Bb7 Rxc3 25. bxc3 Qb8 26. Qc6 Qd8 27.
Qc8 Qxc8 28. Bxc8 Kf8 29. Kf1 Ke8 30. Ke2 Kd8 31. Bb7 g5 32. Kd3 h6 33. Kc4 Kc7
34. Bf3 Kd7 35. Bh5 Ke7 36. Kb5 f6 37. Kxb6 a4 38. c4 fxe5 39. dxe5 Kd7 40. c5
Kd8 41. c6 Kc8 42. Bg4 Kd8 43. c7+ Kc8 44. Bxe6# 1-0